Implementación de una plataforma para el estudio de sistemas de modulación
সংরক্ষণ করুন:
| প্রধান লেখক: | |
|---|---|
| অন্যান্য লেখক: | |
| বিন্যাস: | গ্রন্থ |
| ভাষা: | Spanish |
| প্রকাশিত: |
[San José], Costa Rica
2014
|
| বিষয়গুলি: | |
| ট্যাগগুলো: |
ট্যাগ যুক্ত করুন
কোনো ট্যাগ নেই, প্রথমজন হিসাবে ট্যাগ করুন!
|
MARC
| LEADER | 00000nam a22000007a 4500 | ||
|---|---|---|---|
| 003 | 012188 | ||
| 005 | 20230818142741.0 | ||
| 008 | 150720b2014 cr a|||| |||| 00| ||spa d | ||
| 040 | |c cru CEDI | ||
| 100 | |9 885 |a Villalobos Sánchez, Bryan | ||
| 245 | |a Implementación de una plataforma para el estudio de sistemas de modulación | ||
| 260 | |a [San José], Costa Rica |c 2014 | ||
| 300 | |a xi, 53 páginas : ilustraciones | ||
| 500 | |a Proyecto de graduación (bachillerato en ingeniería eléctrica)--Universidad de Costa Rica. Facultad de Ingeniería. Escuela de Ingeniería Eléctrica | ||
| 501 | |a Profesor Guía de IE-0499 Proyecto Eléctrico: Ing. Teodoro Willink Castro, M.Sc | ||
| 650 | |x TELECOMUNICACIONES |x ELECTRONICA |x MATLAB (PROGRAMAS PARA COMPUTADORA) |x PROCESAMIENTO DE SEÑALES - MODELOS MATEMATICOS |9 886 | ||
| 700 | |9 728 |a Willink Castro, Teodoro, 1986- |d Director de Proyecto Eléctrico | ||
| 942 | |c CEDI |h TFG 7353 |6 TFG_7353_000000000000000 | ||
| 999 | |c 13893 |d 13893 | ||
